000
00266nam a2200109 a 4500
008
110426s1973|||| d
245
1
0
_a
Covetskij Sojuz
260
_b
Gosudarstvenij komitet CM CCCR
_a
Moskva
_c
1973
020
_c
35.-
041
_a
rus.
044
_a
xo
_c
SK
999
_c
17661
_d
17661